| 000 | 00413pab a2200157 454500 | ||
|---|---|---|---|
| 008 | 180718b2009 xxu||||| |||| 00| 0 eng d | ||
| 100 | _aBanerjee, Hema | ||
| 245 | _aReservation policy: a controversial affair in Island's society | ||
| 260 | _c2009 | ||
| 300 | _ap.813-24. | ||
| 362 | _aJul-Sep | ||
| 650 | _aBackward classes | ||
| 773 | _aIndian Journal of Political Science | ||
| 908 | _aN | ||
| 909 | _a85038 | ||
| 999 |
_c85038 _d85038 |
||